| 000 | 00536nam a2200181Ia 4500 | ||
|---|---|---|---|
| 003 | GCL | ||
| 008 | 140319s9999 xx 000 0 ara d | ||
| 040 |
_aGCL / _cGCL |
||
| 082 | 0 | 4 |
_a823.03 _bك ا |
| 100 | 1 | _aكرايتون, مايكل | |
| 245 | 1 | 0 |
_aاكلو الموتى الجمل / _cكرايتون, مايكل |
| 700 | 1 | _aتيسير كامل | |
| 300 | _a148 ص | ||
| 490 |
_aروايات الهلال _v0 |
||
| 650 | 0 | 4 | _aالقصص العالمية |
| 650 | 0 | 4 | _aالادب الامريكى المترجم |
| 942 |
_2ddc _cBK |
||
| 999 |
_c40550 _d40550 |
||